<?xml version="1.0" encoding="UTF-8"?>
<record
    xmlns:xsi="http://www.w3.org/2001/XMLSchema-instance"
    xsi:schemaLocation="http://www.loc.gov/MARC21/slim http://www.loc.gov/standards/marcxml/schema/MARC21slim.xsd"
    xmlns="http://www.loc.gov/MARC21/slim">

  <leader>00272nam a22001097a 4500</leader>
  <datafield tag="020" ind1=" " ind2=" ">
    <subfield code="a">978-986-97417-7-4</subfield>
  </datafield>
  <datafield tag="050" ind1=" " ind2=" ">
    <subfield code="a">863</subfield>
  </datafield>
  <datafield tag="245" ind1=" " ind2=" ">
    <subfield code="a">&#x7B2C;&#x4E8C;&#x5341;&#x4E00;&#x5C46;&#x6797;&#x69AE;&#x4E09;&#x6587;&#x5B78;&#x734E;&#x5F97;&#x734E;&#x4F5C;&#x54C1;&#x96C6;</subfield>
    <subfield code="c">&#x5B6B;&#x6893;&#x8A55;.&#x8B1D;&#x9E97;&#x7B19;&#x7DE8;&#x8F2F;</subfield>
  </datafield>
  <datafield tag="250" ind1=" " ind2=" ">
    <subfield code="a">&#x521D;&#x7248;</subfield>
  </datafield>
  <datafield tag="260" ind1=" " ind2=" ">
    <subfield code="c">2026.01</subfield>
  </datafield>
  <datafield tag="942" ind1=" " ind2=" ">
    <subfield code="2">ccl</subfield>
    <subfield code="c">BOOK</subfield>
  </datafield>
  <datafield tag="999" ind1=" " ind2=" ">
    <subfield code="c">7703</subfield>
    <subfield code="d">7703</subfield>
  </datafield>
  <datafield tag="952" ind1=" " ind2=" ">
    <subfield code="0">0</subfield>
    <subfield code="1">0</subfield>
    <subfield code="2">ccl</subfield>
    <subfield code="4">0</subfield>
    <subfield code="7">0</subfield>
    <subfield code="a">yeezen</subfield>
    <subfield code="b">yeezen</subfield>
    <subfield code="c">YEEZEN</subfield>
    <subfield code="d">2026-03-24</subfield>
    <subfield code="l">0</subfield>
    <subfield code="o">863</subfield>
    <subfield code="p">C03286</subfield>
    <subfield code="r">2026-03-24 00:00:00</subfield>
    <subfield code="w">2026-03-24</subfield>
    <subfield code="y">BOOK</subfield>
    <subfield code="z">&#x6240;&#x6709;&#x4F5C;&#x54C1;&#x5167;&#x5BB9;&#x5305;&#x542B;&#x65B0;&#x8A69;&#x3001;&#x6563;&#x6587;&#x3001;&#x5C0F;&#x54C1;&#x6587;&#x3001;&#x77ED;&#x7BC7;&#x5C0F;&#x8AAA;&#x734E;&#x6240;&#x6709;&#x5F97;&#x734E;&#x4F5C;&#x54C1;&#x548C;&#x4F5C;&#x8005;&#x7C21;&#x4ECB;&#x3001;&#x8A55;&#x5BE9;&#x4ECB;&#x7D39;&#x3001;&#x8A55;&#x5BE9;&#x610F;&#x898B;&#x3001;&#x521D;&#x8907;&#x6C7A;&#x5BE9;&#x6703;&#x8B70;&#x7D00;&#x9304;&#xFF0C;&#x66F8;&#x9577;&#x4E09;&#x767E;&#x591A;&#x9801;&#xFF0C;&#x7531;&#x540D;&#x63D2;&#x756B;&#x5BB6;&#x7E6A;&#x88FD;&#x7CBE;&#x7F8E;&#x63D2;&#x756B;</subfield>
  </datafield>
</record>
